[Event "FRA-ch U20"]
[Site "Aix les Bains"]
[Date "2009.04.20"]
[Round "3"]
[White "Gras, Delphine"]
[Black "Scalia, Jerome"]
[Result "1-0"]
[WhiteElo "1982"]
[BlackElo "1833"]
[PlyCount "80"]
[EventDate "2009.04.19"]
[EventType "swiss"]
[EventRounds "9"]
[EventCountry "FRA"]
[SourceTitle "CBM 130 Extra"]
[Source "ChessBase"]
[SourceDate "2009.07.02"]
[SourceVersion "2"]
[SourceVersionDate "2009.07.15"]
[SourceQuality "1"]

1. e4 c5 2. Nf3 d6 3. d4 cxd4 4. Nxd4 Nf6 5. Nc3 g6 6. Be2 Bg7 7. 0-0 0-0 8. Re1 Nc6 9. Nb3 Be6 10. Bf1 Ne5 11. Bg5 Nc4 12. Nd4 Rc8 13. Nxe6 fxe6 14. Bxc4 Rxc4 15. e5 Ng4 16. exd6 Qxd6 17. Qxd6 exd6 18. Rxe6 Nxf2 19. Be3 Bd4 20. Rf1 Ng4 21. Bxd4 Rxf1+ 22. Kxf1 Rxd4 23. h3 Nh6 24. Ne4 Nf5 25. Kf2 d5 26. Nc3 Rf4+ 27. Ke1 Ng3 28. Nxd5 Rf1+ 29. Kd2 Rf2+ 30. Kd3 Rxg2 31. Re7 Nh5 32. Rxb7 Rg3+ 33. Ne3 Rxh3 34. c4 Nf4+ 35. Ke4 Ne6 36. Rxa7 h5 37. b4 h4 38. Ng4 Rc3 39. Ke5 Ng5 40. Kf6 Nh7+ 1-0